| 000 | 00711cam a2200277 i 4500 | ||
|---|---|---|---|
| 001 | 50792 | ||
| 003 | OSt | ||
| 005 | 20180116183026.0 | ||
| 008 | 810722s1980 nyu 000 1 eng d | ||
| 010 | _a 79005526 | ||
| 020 | _a039450691X | ||
| 035 | _a(OCoLC)5830111 | ||
| 035 | _a(OCoLC)ocm05830111 | ||
| 035 | _a(CStRLIN)NYCG25677080-B | ||
| 035 | _a(NNC)50792 | ||
| 040 |
_aNNC _cNNC _dNNC |
||
| 082 | _a813.54 DOC 1980 | ||
| 090 |
_aPS3554.O3 _bL6 1980b |
||
| 100 | 1 |
_aDoctorow, E. L., _d1931-2015. |
|
| 245 | 1 | 0 |
_aLoon Lake _cE. L. Doctorow. |
| 250 | _a1st trade ed. | ||
| 260 |
_aNew York : _bRandom House, _cc1980. |
||
| 300 |
_a295 p. ; _c25 cm. _bPB |
||
| 942 |
_2ddc _cBK |
||
| 999 |
_c350811 _d350811 |
||